Introducción a la lógica

Sábháilte in:
Sonraí bibleagrafaíochta
Príomhchruthaitheoir: Mitchell, David
Formáid: LEABHAR
Teanga:Undetermined
Foilsithe / Cruthaithe: Barcelona, España Labor 1968
Ábhair:
Clibeanna: Cuir clib leis
Níl clibeanna ann, Bí ar an gcéad duine le clib a chur leis an taifead seo!

MARC

LEADER 00000nam a2200000Ia 4500
008 170316s9999 xx 000 0 und d
090 |a 100 M-49i 
100 |a Mitchell, David 
245 |a Introducción a la lógica 
260 |a Barcelona, España 
260 |b Labor 
260 |c 1968 
300 |a 195 páginas 
650 |a FILOSOFÍA 
650 |a LÓGICA 
999 |c 17029  |d 17029 
040 |a cru BVZT 
942 |c 15 D  |h 100 M-49i  |2 z